|
|
|
|
| LEADER |
01280nam a2200301 a 4500 |
| 001 |
8343 |
| 003 |
BD-DhAAL |
| 005 |
20230416112930.0 |
| 008 |
151123s1994 enk 001 0 eng d |
| 020 |
|
|
|a 1853264148 (pbk)
|
| 040 |
|
|
|a UKM
|c UKM
|d OCL
|d EQF
|d BD-DhAAL
|
| 082 |
0 |
4 |
|a 821.8
|2 20
|
| 100 |
1 |
|
|a Tennyson, Alfred Tennyson,
|c Baron,
|d 1809-1892.
|9 16482
|
| 240 |
1 |
0 |
|a Works.
|
| 245 |
1 |
4 |
|a The works of Alfred Lord Tennyson :
|b with an introduction and bibliography.
|
| 260 |
|
|
|a Ware :
|b Wordsworth,
|c c1994.
|
| 300 |
|
|
|a xii, 628 pages ;
|c 20 cm.
|
| 490 |
|
|
|a Wordsworth poetry library.
|
| 504 |
|
|
|a Includes bibliographical references and index.
|
| 541 |
|
|
|a Donated By Akbar Ali Khan
|e 8343, 41066
|
| 650 |
|
|
|a Patriotic poetry.
|9 16483
|
| 650 |
|
|
|a Didactic poetry.
|9 16484
|
| 650 |
|
|
|a English poetry.
|9 13796
|
| 852 |
|
|
|a Ayesha Abed Library
|c Akbar Ali Khan Collection
|
| 942 |
|
|
|2 ddc
|c BK
|
| 999 |
|
|
|c 36285
|d 36285
|
| 952 |
|
|
|0 0
|1 0
|2 ddc
|4 0
|6 821_800000000000000_TEN
|7 0
|9 57038
|a SCL
|b SCL
|c GEN
|d 2015-11-23
|e Gift: Student
|l 10
|m 22
|o 821.8 TEN
|p 3020008343
|r 2026-05-07
|s 2026-04-24
|t 1
|w 2015-11-23
|y BK
|
| 952 |
|
|
|0 0
|1 0
|2 ddc
|4 0
|6 821_800000000000000_TEN
|7 1
|9 73555
|a BRACUL
|b BRACUL
|c AAKC
|d 2023-04-16
|e Donated By Akbar Ali Khan
|l 0
|o 821.8 TEN
|p 3010041066
|r 2023-04-16
|t 1
|w 2023-04-16
|y BK
|